00516nam a2200181Ia 450000500170000000800410001702000180005804100080007608200170008410000120010124500840011325000120019726000380020930000090024750000260025665000250028270000270030720230414124106.0230125s9999 xx 000 0 und d a9789352806171 aeng a658.018bKUM aKumar M aPositioning Research : Shiffing Paradigms , Interdisciplinarity and Indigeneity a1st Ed. c2018bSage publicationaNew Delhi a296p aResearch methodology  aResearch methodology aKumar M & Pattanayak S